000 00747nam a22002057a 4500
999 _c13781
_d13781
003 OSt
005 20190417100633.0
008 190410b ||||| |||| 00| 0 eng d
040 _cUMDC
082 _22018
_aUT 1221
_bC33
100 _aCelestial, Ronard Z., Orbita, Hiromi Kojeen D. and Guanzon, Richeneth M.
_938292
245 _aThe phenomenology of social media disinhibitition among youth melenials/
_cRonard Z.Celestial, Hiromi Kojeen D. Orbita, and Richeneth M. Guanzon.
300 _a77 pages.
_c30 cm.
650 _x
_938344
690 _aBS
_vPsychology
_xUndergraduate thesis.
_938293
700 _aCelestial, Ronard Z.
_938294
700 _aOrbita, Hiromi Kojeen D.
_929150
700 _aGuanzon, Richeneth M.
_929152
942 _2ddc
_cUT